|
|
|
|
| LEADER |
01072nam a2200265 a 4500 |
| 001 |
75152 |
| 003 |
BD-DhAAL |
| 005 |
20250204130412.0 |
| 008 |
090720r20081995nyu 000 0 eng d |
| 010 |
|
|
|a 95076630
|
| 020 |
|
|
|a 8175543647
|
| 020 |
|
|
|a 9788175543645
|
| 040 |
|
|
|a DLC
|c DLC
|d DLC
|
| 082 |
0 |
4 |
|a 658.4/094
|2 22
|
| 100 |
1 |
|
|a Lowe, Phil.
|9 57628
|
| 245 |
1 |
0 |
|a Creativity and problem solving /
|c Phil Lowe.
|
| 260 |
|
|
|a New York;
|a New Delhi :
|b McGraw-Hill;
|b Kogan Page,
|c 1995[reprinted 2008].
|
| 300 |
|
|
|a 59 pages ;
|c 24 cm.
|
| 526 |
|
|
|x Salim khan
Sr. program Associate
James P. Grant School
Course name and no. N/A
|
| 541 |
1 |
|
|a Paragon Enterprises
|e 00018426
|
| 650 |
0 |
|
|a Creative ability in business.
|
| 852 |
4 |
|
|a SPH
|j General Shelf.
|
| 942 |
|
|
|2 ddc
|c BK
|
| 999 |
|
|
|c 2578
|d 2578
|
| 952 |
|
|
|0 0
|1 0
|2 ddc
|4 0
|6 658_409400000000000_LOW
|7 0
|9 2349
|a JPGSPH
|b JPGSPH
|d 2009-04-28
|e Paragon Enterprise Ltd.
|g 280.00
|l 0
|o 658.4094 LOW
|p 3060018426
|r 2009-07-21
|t 1
|w 2009-07-21
|y BK
|x Requisitioned by Salim khan, Sr. program Associate, James P. Grant School. Course name and no. N/A
|